[Event "IX Festival A"]
[Site "Cesenatico ITA"]
[Date "2004.09.05"]
[Round "2"]
[White "Pruesse, Horst"]
[Black "Del Vecchio, Gastone"]
[Result "1-0"]
[WhiteElo "2126"]
[BlackElo "1896"]
[PlyCount "71"]
[EventDate "2004.09.04"]

1. e4 c5 2. d4 cxd4 3. c3 dxc3 4. Nxc3 Nc6 5. Nf3 d6 6. Bc4 e6 7. O-O Be7 8.
Qe2 a6 9. Rd1 b5 10. Bd3 Bb7 11. Be3 Nf6 12. e5 Nd7 13. exd6 Bxd6 14. Bxb5
Bxh2+ 15. Nxh2 axb5 16. Bc5 Qa5 17. Bd6 b4 18. Nd5 Rc8 19. Rac1 Nf6 20. Rc5 Ba6
21. Nxf6+ gxf6 22. Qg4 Qa4 23. b3 Qxa2 24. Qg7 Qxb3 25. Rcc1 Ne7 26. Qxh8+ Kd7
27. Qxf6 Nd5 28. Qe5 Rg8 29. Bc5 Kc6 30. Bxb4+ Bc4 31. Qd6+ Kb7 32. Rb1 Rxg2+
33. Kxg2 Ne3+ 34. fxe3 Qc2+ 35. Bd2+ Bb3 36. Qb4+ 1-0

[Event "IX Festival A"]
[Site "Cesenatico ITA"]
[Date "2004.09.05"]
[Round "2"]
[White "Roeder, Matthias"]
[Black "Facchetti, Gianni"]
[Result "1-0"]
[WhiteElo "2431"]
[BlackElo "2190"]
[PlyCount "95"]
[EventDate "2004.09.04"]

1. d4 Nf6 2. c4 e5 3. dxe5 Ng4 4. Bf4 Nc6 5. Nf3 Bb4+ 6. Nbd2 Qe7 7. e3 Ngxe5
8. Nxe5 Nxe5 9. Be2 d6 10. O-O Bxd2 11. Qxd2 a5 12. Qc3 f6 13. Rac1 Nd7 14.
Bh5+ g6 15. Bd1 O-O 16. Bc2 Nc5 17. Bh6 Re8 18. e4 Bd7 19. f3 Qe5 20. Bd2 Qxc3
21. Bxc3 Kf7 22. b3 b6 23. Rcd1 Bc6 24. Kf2 Re7 25. g4 Rae8 26. Rfe1 Nd7 27. h4
Rf8 28. Kg3 Kg8 29. Bd4 Nc5 30. Re3 Kf7 31. Rde1 Rfe8 32. g5 Nd7 33. Kf2 Bb7
34. Bc3 Re6 35. Bd3 h5 36. gxf6 Ne5 37. c5 Rxf6 38. cxb6 cxb6 39. Bc4+ Ke7 40.
Kg3 Rff8 41. Be2 Bc6 42. Rd1 Rd8 43. Rd2 Nd7 44. Bg7 Rg8 45. Bh6 b5 46. Bg5+
Nf6 47. Red3 Rgf8 48. e5 1-0

[Event "IX Festival A"]
[Site "Cesenatico ITA"]
[Date "2004.09.05"]
[Round "2"]
[White "Salerni, Guido"]
[Black "Guglielmi, Giuseppe"]
[Result "0-1"]
[WhiteElo "1691"]
[BlackElo "1980"]
[PlyCount "98"]
[EventDate "2004.09.04"]

1. e4 c5 2. d3 Nc6 3. g3 g6 4. Bg2 Bg7 5. Nf3 e6 6. Nbd2 Nge7 7. O-O O-O 8. Re1
d6 9. c3 b5 10. a3 Rb8 11. Qc2 a5 12. Nf1 a4 13. Bf4 e5 14. Bd2 Be6 15. c4 Na5
16. Ng5 Bd7 17. Bh3 Nb3 18. Rad1 Nd4 19. Qc1 f6 20. Bg2 Nb3 21. Qc2 Nxd2 22.
Qxd2 Bh6 23. h4 Nc6 24. Nf7 Bxd2 25. Nxd8 Bxe1 26. Nxc6 Bxf2+ 27. Kxf2 Bxc6 28.
Rd2 b4 29. axb4 cxb4 30. Ne3 a3 31. b3 Ra8 32. Ra2 Ba4 33. bxa4 Rxa4 34. Nc2
Rfa8 35. Na1 b3 36. Nxb3 Rb8 37. Nd2 Rb2 38. Rxb2 axb2 39. Ke3 Ra1 40. Bf3 Re1+
41. Kf2 Rc1 42. Ke3 Kf7 43. g4 Ke7 44. d4 Rc3+ 45. Ke2 Rc2 46. dxe5 b1=Q 47.
exf6+ Kxf6 48. e5+ Kxe5 49. Kd3 Qa2 0-1

[Event "IX Festival A"]
[Site "Cesenatico ITA"]
[Date "2004.09.05"]
[Round "2"]
[White "Sanzani, Pierluigi"]
[Black "Giorgi, Sandro"]
[Result "1/2-1/2"]
[WhiteElo "1955"]
[BlackElo "1599"]
[PlyCount "152"]
[EventDate "2004.09.04"]

1. e4 c6 2. d4 d5 3. e5 c5 4. c3 e6 5. Bd3 Nc6 6. Nf3 cxd4 7. cxd4 Bb4+ 8. Bd2
Bxd2+ 9. Qxd2 Nge7 10. Nc3 a6 11. O-O O-O 12. Rac1 Nb4 13. Bb1 Bd7 14. a3 Nbc6
15. b4 Na7 16. Bd3 Rc8 17. h3 b5 18. Ra1 Qb6 19. Rfc1 Rc7 20. Ne2 Rfc8 21. Rc5
Rxc5 22. bxc5 Qc7 23. Qb2 Rb8 24. Nc3 Nec6 25. Na2 Na5 26. Nb4 Qc8 27. Qc2 g6
28. Qc3 Nc4 29. Bc2 Nc6 30. Nxc6 Bxc6 31. Nd2 Qd8 32. Rb1 Qa5 33. Qxa5 Nxa5 34.
Bd3 Nc4 35. Bxc4 dxc4 36. Nxc4 Rd8 37. Nd6 Rd7 38. f3 Kf8 39. Kf2 Rd8 40. Ke3
Kg7 41. Kd3 f6 42. Re1 a5 43. Kc3 fxe5 44. Rxe5 Kf6 45. Re1 Rb8 46. Rb1 e5 47.
dxe5+ Kxe5 48. Nc4+ Kd5 49. Nxa5 Kxc5 50. Nxc6 Kxc6 51. a4 Re8 52. axb5+ Kb6
53. Kd3 Ra8 54. Rb2 Ra4 55. f4 Rxf4 56. Ke3 Ra4 57. Rb3 h5 58. g3 g5 59. Kf3
g4+ 60. hxg4 Rxg4 61. Re3 Rg5 62. Kf4 Rxb5 63. Re5 Rb4+ 64. Kf3 Rb3+ 65. Kg2 h4
66. gxh4 Kc6 67. Re4 Kd6 68. Kf2 Kd5 69. Re8 Rh3 70. Rh8 Ke5 71. Kg2 Ra3 72.
Rf8 Ke6 73. Rf2 Ke7 74. Rf5 Ke6 75. Rg5 Kf6 76. Rb5 Kg6 1/2-1/2

[Event "IX Festival A"]
[Site "Cesenatico ITA"]
[Date "2004.09.05"]
[Round "2"]
[White "Skembris, Spyridon"]
[Black "Bonacci, Mauro"]
[Result "1/2-1/2"]
[WhiteElo "2434"]
[BlackElo "2204"]
[PlyCount "178"]
[EventDate "2004.09.04"]

1. d4 Nf6 2. Bg5 Ne4 3. Bf4 c5 4. f3 Nf6 5. dxc5 Na6 6. Nc3 Nxc5 7. e4 d6 8.
Qd2 e5 9. Be3 Be7 10. Bb5+ Ncd7 11. Nge2 O-O 12. a4 a6 13. Bc4 Nb6 14. Bb3 Qc7
15. a5 Nc4 16. Bxc4 Qxc4 17. Na4 Qc6 18. Nb6 Rb8 19. c4 Be6 20. O-O Bd8 21. b3
Bxb6 22. axb6 Nd7 23. Qb4 Nc5 24. Rfd1 f5 25. exf5 Rxf5 26. Ng3 Rff8 27. Bxc5
dxc5 28. Qc3 Qxb6 29. Qxe5 Rbe8 30. Nh5 Rf7 31. Rd3 Qc7 32. Qg3 Bf5 33. Rd5
Qxg3 34. hxg3 Bc2 35. Rxc5 Bxb3 36. Nf4 Rd7 37. Ra3 Bc2 38. g4 Rd4 39. Nd5 Rd3
40. Ra2 Bb3 41. Rb2 b5 42. Nc7 Re1+ 43. Kf2 Rc1 44. Nxa6 Bxc4 45. Nc7 Rb3 46.
Rxb3 Rc2+ 47. Ke3 Bxb3 48. Rxc2 Bxc2 49. Nxb5 g5 50. Nd4 Bb1 51. Ne6 h6 52. Kd4
Kf7 53. Ke5 Bd3 54. Nd4 Be2 55. g3 Ba6 56. f4 gxf4 57. gxf4 Bd3 58. f5 Bc4 59.
Nc2 Be2 60. Ne3 Bf3 61. f6 Be2 62. Nf5 Kg6 63. Ke6 Bc4+ 64. Ke7 Kg5 65. Ng7 Bg8
66. Nf5 Ba2 67. Ne3 Bb3 68. Nf5 Kxg4 69. Nxh6+ Kh5 70. Nf7 Kg6 71. Nd8 Bg8 72.
Ne6 Kf5 73. Nd4+ Ke5 74. Nb5 Ba2 75. Nd6 Bb3 76. Ne8 Ba2 77. Kf8 Bb3 78. Kg7
Ba2 79. Nc7 Bc4 80. Nb5 Bb3 81. Na7 Ba2 82. Nc6+ Kf5 83. Nd4+ Kg5 84. Nb5 Kf5
85. Nc7 Bc4 86. Ne8 Ba2 87. Kf8 Ke5 88. Ke7 Bb3 89. Nc7 Ba2 1/2-1/2

[Event "IX Festival A"]
[Site "Cesenatico ITA"]
[Date "2004.09.05"]
[Round "2"]
[White "Tomescu, Vlad"]
[Black "Ventura, Sergio"]
[Result "1-0"]
[WhiteElo "2397"]
[BlackElo "2175"]
[PlyCount "79"]
[EventDate "2004.09.04"]

1. d4 c5 2. d5 f5 3. c4 g6 4. g3 Bg7 5. Bg2 Nf6 6. Nc3 O-O 7. Nf3 Na6 8. O-O d6
9. Rb1 Bd7 10. e4 fxe4 11. Ng5 Bg4 12. Qd2 Nb4 13. b3 Nd3 14. Ncxe4 Nxc1 15.
Rbxc1 Qd7 16. Rce1 Bh6 17. h4 Nxe4 18. Rxe4 Rf7 19. Rfe1 Raf8 20. f4 Bxg5 21.
hxg5 b6 22. Kh2 Re8 23. Qc3 Qc8 24. Bf3 Bf5 25. R4e3 Qd7 26. Qd2 Qc8 27. Qe2
Bd7 28. Qb2 Bg4 29. Qg2 Qf5 30. Bxg4 Qxg4 31. Re6 Qh5+ 32. Kg1 h6 33. gxh6 Qxh6
34. Rxd6 Qg7 35. Rde6 g5 36. Qe4 Rf6 37. Rxf6 Qxf6 38. Qe5 Rf8 39. Qxf6 exf6
40. Re7 1-0

[Event "IX Festival A"]
[Site "Cesenatico ITA"]
[Date "2004.09.05"]
[Round "2"]
[White "Trabert, Bettina"]
[Black "Koops, Randolf"]
[Result "1-0"]
[WhiteElo "2312"]
[BlackElo "2118"]
[PlyCount "37"]
[EventDate "2004.09.04"]

1. e4 Nc6 2. Nc3 d6 3. d4 e5 4. Nf3 Bg4 5. dxe5 Bxf3 6. Qxf3 Nd4 7. Qd3 dxe5 8.
Nb5 a6 9. Nxd4 exd4 10. Qb3 b5 11. a4 b4 12. Bc4 Qd7 13. O-O Bc5 14. e5 Nh6 15.
e6 fxe6 16. Bxe6 Qe7 17. Bxh6 gxh6 18. Rae1 Kf8 19. Bd5 1-0

[Event "IX Festival A"]
[Site "Cesenatico ITA"]
[Date "2004.09.05"]
[Round "2"]
[White "Traversi, Carlo"]
[Black "Rossi, Giampiero"]
[Result "1/2-1/2"]
[WhiteElo "1792"]
[BlackElo "2012"]
[PlyCount "71"]
[EventDate "2004.09.04"]

1. e4 c5 2. Nf3 e6 3. Nc3 a6 4. Be2 Qc7 5. d3 Nc6 6. Be3 Nf6 7. h3 Be7 8. Qc1
O-O 9. O-O d6 10. a3 Bd7 11. Re1 Rfc8 12. Nh2 Rab8 13. Ng4 b5 14. Nd1 a5 15. f4
b4 16. b3 Nxg4 17. Bxg4 Bf6 18. Rb1 Bd4 19. a4 e5 20. f5 Qd8 21. Bf2 Bxf2+ 22.
Nxf2 Nd4 23. Qd2 Rc7 24. Nd1 h6 25. Ne3 Bc6 26. Rf1 f6 27. Bh5 Ra7 28. Rf2 Be8
29. Qd1 Bxh5 30. Qxh5 Qe8 31. Qg4 Qf7 32. Rbf1 Rd8 33. Nd5 Rb7 34. Ne3 Ra7 35.
Nd5 Rb7 36. Ne3 1/2-1/2

[Event "IX Festival A"]
[Site "Cesenatico ITA"]
[Date "2004.09.05"]
[Round "2"]
[White "Vuelban, Virgilio"]
[Black "Zimmer, Hans Werner"]
[Result "1-0"]
[WhiteElo "2306"]
[BlackElo "1867"]
[PlyCount "69"]
[EventDate "2004.09.04"]

1. d4 Nf6 2. c4 c5 3. d5 e6 4. Nc3 exd5 5. cxd5 d6 6. e4 g6 7. Bd3 Bg7 8. h3
O-O 9. Bg5 a6 10. a4 Qc7 11. Nf3 Re8 12. O-O Nbd7 13. Re1 Rb8 14. Rc1 h6 15.
Bf4 Nh5 16. Bh2 Ne5 17. Be2 b5 18. axb5 Nxf3+ 19. Bxf3 axb5 20. g4 b4 21. Na4
Be5 22. Bxe5 Rxe5 23. gxh5 Qe7 24. Bg2 Rg5 25. Re3 Qe5 26. hxg6 Rxg6 27. b3 Bd7
28. Qc2 Kh7 29. Kh1 Ra8 30. Rg1 Qf4 31. Nb6 Bb5 32. e5 Bf1 33. Bxf1 f5 34. exf6
Kh8 35. Rxg6 1-0

[Event "IX Festival A"]
[Site "Cesenatico ITA"]
[Date "2004.09.06"]
[Round "3"]
[White "Altea, Giovanni"]
[Black "Lombardini, Giulio"]
[Result "1-0"]
[WhiteElo "1778"]
[BlackElo "2072"]
[PlyCount "103"]
[EventDate "2004.09.04"]

1. c4 Nf6 2. Nc3 g6 3. Nf3 Bg7 4. g3 d6 5. Bg2 O-O 6. O-O e5 7. d3 c6 8. Rb1 a5
9. Bd2 Nbd7 10. a3 Nh5 11. b4 axb4 12. axb4 f5 13. b5 Nc5 14. bxc6 bxc6 15. Qc1
Ra6 16. Bh6 Qc7 17. Bxg7 Kxg7 18. Rb2 Rb6 19. Qc2 Rxb2 20. Qxb2 Qb7 21. Rb1
Qxb2 22. Rxb2 Bb7 23. Na4 Nxa4 24. Rxb7+ Kh6 25. h4 Nc5 26. Re7 e4 27. Ng5 Nf6
28. Ne6 Ng8 29. Rxh7+ Kxh7 30. Nxf8+ Kg7 31. d4 Nb3 32. Ne6+ Kf6 33. d5 cxd5
34. cxd5 Ke5 35. e3 Kxd5 36. Nf4+ Ke5 37. Nxg6+ Kf6 38. Nf4 Nd2 39. Bf1 Nf3+
40. Kh1 Nh6 41. Be2 Ng4 42. Bxf3 exf3 43. Kg1 Ke5 44. Kf1 Ke4 45. Ke1 d5 46.
Nh3 Kd3 47. Ng5 Ne5 48. h5 d4 49. exd4 Kxd4 50. h6 Nd3+ 51. Kf1 Ne5 52. Nxf3+
1-0

[Event "IX Festival A"]
[Site "Cesenatico ITA"]
[Date "2004.09.06"]
[Round "3"]
[White "Areklett, Ivar"]
[Black "Del Nevo, Claudio"]
[Result "1-0"]
[WhiteElo "2105"]
[BlackElo "1941"]
[PlyCount "79"]
[EventDate "2004.09.04"]

1. e4 d6 2. d4 Nf6 3. Nc3 g6 4. Bg5 Bg7 5. Qd2 O-O 6. f4 Na6 7. Nf3 Bg4 8. Be2
c6 9. O-O Qb6 10. Kh1 Bxf3 11. Bxf3 Rfe8 12. f5 Nd7 13. fxg6 hxg6 14. Ne2 f6
15. Bg4 e6 16. Bh6 Kf7 17. Rf3 Qd8 18. Raf1 Nc7 19. Rh3 Bxh6 20. Rxh6 Rh8 21.
c4 Rxh6 22. Qxh6 Qh8 23. Qf4 e5 24. Qg3 Nf8 25. dxe5 dxe5 26. Qxe5 Nfe6 27. Qg3
Rd8 28. Qe3 b6 29. Bf3 c5 30. Nc3 Nd4 31. Bg4 Re8 32. Qg3 Re7 33. Qf2 Re5 34.
Qf4 Nc6 35. Nd5 Nxd5 36. exd5 g5 37. Qg3 Qe8 38. dxc6 Re3 39. Qf2 Qe7 40. c7
1-0

[Event "IX Festival A"]
[Site "Cesenatico ITA"]
[Date "2004.09.06"]
[Round "3"]
[White "Bentivegna, Francesco"]
[Black "Tomescu, Vlad"]
[Result "1/2-1/2"]
[WhiteElo "2250"]
[BlackElo "2397"]
[PlyCount "88"]
[EventDate "2004.09.04"]

1. e4 e5 2. Nf3 Nc6 3. d4 exd4 4. Bc4 Nf6 5. e5 Ng4 6. Qe2 Qe7 7. Bf4 f6 8.
exf6 gxf6 9. Nbd2 Qxe2+ 10. Kxe2 Nge5 11. Bb5 d6 12. Nxd4 Bd7 13. Nxc6 bxc6 14.
Ba4 Bg7 15. Rhe1 O-O-O 16. f3 f5 17. Rab1 c5 18. Bxd7+ Nxd7 19. Nc4 Nb6 20.
Nxb6+ axb6 21. Kd2 Kd7 22. c3 Ra8 23. a3 b5 24. Re2 Rhg8 25. Kc2 Bf6 26. Rbe1
h5 27. g3 h4 28. Re6 Be5 29. R6xe5 dxe5 30. Rxe5 Rae8 31. Rxc5 c6 32. Rxf5 Re2+
33. Kd3 Rxh2 34. gxh4 Rxh4 35. Be3 Rg2 36. b4 Rh1 37. Ke4 Re2 38. Kd3 Ra2 39.
Bd4 Re1 40. Rf7+ Ke8 41. Rc7 Raa1 42. Rxc6 Rad1+ 43. Kc2 Rc1+ 44. Kd3 Rcd1+
1/2-1/2

[Event "IX Festival A"]
[Site "Cesenatico ITA"]
[Date "2004.09.06"]
[Round "3"]
[White "Bonacci, Mauro"]
[Black "Assmann, Thomas"]
[Result "1-0"]
[WhiteElo "2204"]
[BlackElo "2351"]
[PlyCount "75"]
[EventDate "2004.09.04"]

1. e4 c6 2. d4 d5 3. exd5 cxd5 4. c4 Nf6 5. Nc3 e6 6. Nf3 Bb4 7. Bd3 dxc4 8.
Bxc4 O-O 9. O-O Nbd7 10. a3 Bxc3 11. bxc3 Qc7 12. Qd3 b6 13. Bd2 Bb7 14. Bb3
Ng4 15. g3 Ngf6 16. Rfe1 Qc6 17. d5 Nxd5 18. Nd4 Qc8 19. Bc2 N5f6 20. g4 g6 21.
g5 Nc5 22. Qh3 Nfe4 23. Bf4 e5 24. Qxc8 Raxc8 25. Bxe5 Nxg5 26. h4 Nf3+ 27.
Nxf3 Bxf3 28. Re3 Rfe8 29. Rae1 Bc6 30. h5 Ba4 31. Bb1 Rcd8 32. Ba2 Nd3 33.
hxg6 hxg6 34. Bf6 Nxe1 35. Rh3 Nf3+ 36. Kg2 Ne1+ 37. Kh2 Nf3+ 38. Kg3 1-0

[Event "IX Festival A"]
[Site "Cesenatico ITA"]
[Date "2004.09.06"]
[Round "3"]
[White "Braga, Gian Carlo"]
[Black "Maddaloni, Giovanni"]
[Result "0-1"]
[WhiteElo "1461"]
[BlackElo "1849"]
[PlyCount "57"]
[EventDate "2004.09.04"]

1. e4 d6 2. d4 Nf6 3. Nc3 g6 4. Nf3 Bg7 5. Bc4 O-O 6. O-O Nc6 7. Bd2 Kh8 8. a3
Nxe4 9. Nxe4 d5 10. Ng3 dxc4 11. c3 e5 12. dxe5 Bg4 13. Bf4 Qxd1 14. Raxd1 Bxf3
15. gxf3 Nxe5 16. Bxe5 Bxe5 17. Rd7 Rad8 18. Rfd1 Bd6 19. Rxd8 Rxd8 20. Ne4
Bxh2+ 21. Kxh2 Rxd1 22. Kg3 Rb1 23. Nd2 Rxb2 24. Nxc4 Rc2 25. Na5 Rxc3 26. Nxb7
Rxa3 27. Nd8 Kg7 28. Nc6 a5 29. Nd4 0-1

[Event "IX Festival A"]
[Site "Cesenatico ITA"]
[Date "2004.09.06"]
[Round "3"]
[White "Calzetta Ruiz, Monica"]
[Black "Roeder, Matthias"]
[Result "0-1"]
[WhiteElo "2289"]
[BlackElo "2431"]
[PlyCount "62"]
[EventDate "2004.09.04"]

1. e4 c5 2. Nf3 d6 3. d4 cxd4 4. Nxd4 Nf6 5. Nc3 a6 6. Be3 e5 7. Nb3 Be7 8. Qd2
O-O 9. O-O-O Qc7 10. f4 b5 11. Bd3 Bb7 12. Rde1 Nbd7 13. h3 Rac8 14. g4 b4 15.
Nd5 Bxd5 16. exd5 Nxd5 17. Bf5 Nxe3 18. Rxe3 a5 19. Kb1 Nb6 20. Qd3 a4 21. Nd2
exf4 22. Re4 d5 23. Ree1 Bh4 24. Ref1 Rce8 25. Bxh7+ Kh8 26. Nf3 Bd8 27. Bf5
Nc4 28. Re1 Ne3 29. Rc1 a3 30. b3 Bf6 31. g5 Qc3 0-1

[Event "IX Festival A"]
[Site "Cesenatico ITA"]
[Date "2004.09.06"]
[Round "3"]
[White "Cioara, Andrei Nestor"]
[Black "Lausen, Berthold"]
[Result "1-0"]
[WhiteElo "2373"]
[BlackElo "2059"]
[PlyCount "37"]
[EventDate "2004.09.04"]

1. e4 c6 2. d4 d5 3. e5 Bf5 4. Nc3 e6 5. g4 Bg6 6. Nge2 c5 7. Be3 cxd4 8. Nxd4
Nc6 9. f4 Nxd4 10. Qxd4 f5 11. exf6 Nxf6 12. Bb5+ Kf7 13. f5 exf5 14. gxf5 Bxf5
15. O-O-O Qa5 16. Rhf1 Be6 17. Nxd5 Be7 18. Bg5 Qxb5 19. Bxf6 1-0

[Event "IX Festival A"]
[Site "Cesenatico ITA"]
[Date "2004.09.06"]
[Round "3"]
[White "Cottarelli, Franco"]
[Black "Giussani, Igor"]
[Result "1/2-1/2"]
[WhiteElo "1942"]
[BlackElo "1670"]
[PlyCount "40"]
[EventDate "2004.09.04"]

1. e4 e5 2. Nf3 Nc6 3. Bb5 a6 4. Ba4 Nf6 5. d4 exd4 6. O-O Be7 7. Re1 b5 8. Bb3
d6 9. Bd5 Bd7 10. Nxd4 Nxd5 11. Nxc6 Bxc6 12. exd5 Bd7 13. Qe2 f6 14. Nc3 Kf7
15. Qh5+ g6 16. Qh6 Bf8 17. Qh4 Bg7 18. Bd2 f5 19. Qh3 h5 20. Qf3 Qf6 1/2-1/2

[Event "IX Festival A"]
[Site "Cesenatico ITA"]
[Date "2004.09.06"]
[Round "3"]
[White "De Andres Gonalons, Fernando"]
[Black "Brancaleoni, Maurizio"]
[Result "1/2-1/2"]
[WhiteElo "2087"]
[BlackElo "2298"]
[PlyCount "54"]
[EventDate "2004.09.04"]

1. d4 d5 2. c4 e6 3. Nc3 a6 4. e3 Nf6 5. Nf3 dxc4 6. Bxc4 b5 7. Bd3 Bb7 8. O-O
c5 9. dxc5 Bxc5 10. Qe2 Nbd7 11. e4 Qb8 12. h3 Nh5 13. Rd1 Nf4 14. Bxf4 Qxf4
15. Bxb5 axb5 16. Rxd7 Bc6 17. Rdd1 b4 18. Nd5 Qb8 19. Rac1 Ra5 20. Nd4 Ba4 21.
b3 Bd7 22. Ne3 Qc7 23. Qc4 O-O 24. a4 bxa3 25. b4 Bxd4 26. bxa5 Bb2 27. Rb1
Qxa5 1/2-1/2

[Event "IX Festival A"]
[Site "Cesenatico ITA"]
[Date "2004.09.06"]
[Round "3"]
[White "Del Vecchio, Gastone"]
[Black "Pompili, Ugo"]
[Result "1-0"]
[WhiteElo "1896"]
[BlackElo "1801"]
[PlyCount "69"]
[EventDate "2004.09.04"]

1. e4 e5 2. Nf3 Nc6 3. Bc4 d6 4. O-O Be7 5. h3 Nf6 6. Re1 O-O 7. Bb3 Be6 8.
Bxe6 fxe6 9. c3 Qd7 10. a4 h6 11. b4 a6 12. Qb3 Nh5 13. d4 Nf4 14. Bxf4 Rxf4
15. d5 exd5 16. Qxd5+ Kh8 17. Nbd2 g5 18. b5 Bf6 19. bxc6 bxc6 20. Qd3 g4 21.
hxg4 Rxg4 22. Kf1 Rag8 23. g3 h5 24. Kg2 d5 25. Rh1 Qf7 26. Qxa6 dxe4 27. Nh2
R4g6 28. Nxe4 Qd5 29. Qd3 Qa5 30. Nxf6 Rxf6 31. Ng4 Rd6 32. Rxh5+ Kg7 33. Rh7+
Kf8 34. Qf5+ Ke8 35. Qf7+ 1-0

[Event "IX Festival A"]
[Site "Cesenatico ITA"]
[Date "2004.09.06"]
[Round "3"]
[White "Di Caro, Calogero"]
[Black "Gaiba, Paolo"]
[Result "1-0"]
[WhiteElo "2322"]
[BlackElo "2145"]
[PlyCount "25"]
[EventDate "2004.09.04"]

1. Nf3 Nf6 2. c4 d5 3. cxd5 Nxd5 4. d4 Bf5 5. Qb3 b6 6. Ne5 f6 7. e4 Bxe4 8.
Bb5+ c6 9. Nxc6 Nxc6 10. Bxc6+ Kf7 11. f3 Rc8 12. fxe4 Rxc6 13. O-O 1-0

[Event "IX Festival A"]
[Site "Cesenatico ITA"]
[Date "2004.09.06"]
[Round "3"]
[White "Dragojlovic, Andjelko"]
[Black "Dallaglio, Giovanni"]
[Result "1-0"]
[WhiteElo "2309"]
[BlackElo "2057"]
[PlyCount "67"]
[EventDate "2004.09.04"]

1. e4 c6 2. d4 d5 3. Nd2 dxe4 4. Nxe4 Nd7 5. Nf3 Ngf6 6. Ng3 e6 7. Bd3 c5 8.
O-O cxd4 9. Nxd4 Bc5 10. c3 O-O 11. Bg5 a6 12. Nh5 Be7 13. Re1 Nxh5 14. Bxe7
Qxe7 15. Qxh5 g6 16. Qh6 Qf6 17. Rad1 Ne5 18. Be2 b5 19. f4 Nc4 20. Bf3 Ra7 21.
b3 Nb6 22. Re5 Bb7 23. Bg4 Bd5 24. Rde1 Rc7 25. f5 Rxc3 26. Qd2 Qh4 27. Bf3
Rfc8 28. fxe6 fxe6 29. Bxd5 Nxd5 30. Rxe6 b4 31. Nf5 gxf5 32. Qxd5 Rd8 33. Re8+
Kg7 34. Qxd8 1-0

[Event "IX Festival A"]
[Site "Cesenatico ITA"]
[Date "2004.09.06"]
[Round "3"]
[White "Facchetti, Gianni"]
[Black "Novotny, Michal"]
[Result "1-0"]
[WhiteElo "2190"]
[BlackElo "2197"]
[PlyCount "115"]
[EventDate "2004.09.04"]

1. e4 e6 2. d4 d5 3. exd5 exd5 4. Qf3 c6 5. Bd3 Nf6 6. h3 Bd6 7. Ne2 Be6 8. c3
Nbd7 9. Bf4 Qc7 10. Nd2 O-O-O 11. O-O-O h6 12. Bxd6 Qxd6 13. Qf4 Qc7 14. Qxc7+
Kxc7 15. Rde1 g5 16. f4 Ne4 17. Rhf1 f5 18. Nf3 Rdf8 19. fxg5 hxg5 20. Bxe4
dxe4 21. Nxg5 Bxa2 22. g3 Bc4 23. Rg1 Rh6 24. Nf4 a5 25. Kd2 a4 26. Rg2 Nb6 27.
h4 Ra8 28. Ra1 Bb3 29. Ke1 Kd7 30. Re2 Ra5 31. Kf2 Rh8 32. Kg2 Nd5 33. Nxd5
Bxd5 34. Nh3 Rha8 35. Ra3 R8a6 36. Kf2 Rb5 37. Ke3 Bb3 38. Nf4 Rab6 39. Rh2 Bd1
40. Ra1 Bg4 41. Ra2 Rb3 42. h5 a3 43. Rxa3 Rxb2 44. Ra2 Rxa2 45. Rxa2 Rb1 46.
Rh2 Rb3 47. h6 Rxc3+ 48. Kd2 Ra3 49. Kc1 Ra1+ 50. Kb2 Ra8 51. h7 e3 52. h8=Q
Rxh8 53. Rxh8 e2 54. Rh1 Kd6 55. Kc3 b5 56. Re1 c5 57. dxc5+ Kxc5 58. Nxe2 1-0

[Event "IX Festival A"]
[Site "Cesenatico ITA"]
[Date "2004.09.06"]
[Round "3"]
[White "Faini, Ivano"]
[Black "Bossi, Alessandro"]
[Result "0-1"]
[WhiteElo "1679"]
[BlackElo "2053"]
[PlyCount "74"]
[EventDate "2004.09.04"]

1. e4 c5 2. Nf3 Nc6 3. d4 cxd4 4. Nxd4 Qc7 5. Nc3 Nf6 6. Be2 e6 7. a3 Be7 8.
Be3 O-O 9. Qd2 a6 10. O-O d6 11. f4 Bd7 12. f5 Nxd4 13. Bxd4 e5 14. Be3 Bc6 15.
Bf3 Rac8 16. Rac1 h6 17. Qe1 Nh7 18. h4 Qd8 19. g3 Nf6 20. Rd1 b5 21. Rf2 Qc7
22. Rh2 a5 23. g4 b4 24. axb4 axb4 25. Nd5 Bxd5 26. Rxd5 Nxd5 27. exd5 f6 28.
Qd2 Ra8 29. Rg2 Ra1+ 30. Kh2 e4 31. Bxe4 Kf7 32. Qxb4 Rb8 33. Qc3 Qxc3 34. bxc3
Re1 35. Rg3 Re2+ 36. Kh3 Rb1 37. Bd3 Rh1# 0-1

[Event "IX Festival A"]
[Site "Cesenatico ITA"]
[Date "2004.09.06"]
[Round "3"]
[White "Frilli, Guido"]
[Black "Traversi, Carlo"]
[Result "1-0"]
[WhiteElo "2131"]
[BlackElo "1792"]
[PlyCount "50"]
[EventDate "2004.09.04"]

1. e4 Nc6 2. d4 e5 3. d5 Nce7 4. g3 Ng6 5. Bg2 Bc5 6. Nc3 d6 7. Nge2 N8e7 8. h4
h5 9. O-O Bd7 10. Qd3 Qc8 11. Be3 Bb6 12. a4 Ba5 13. Nb5 Bb6 14. c4 a6 15.
Nxd6+ cxd6 16. Bxb6 O-O 17. c5 dxc5 18. Rfc1 Qb8 19. Bxc5 b5 20. Qa3 Re8 21.
Bd6 Qb6 22. a5 b4 23. axb6 bxa3 24. bxa3 Bc8 25. Rc7 a5 1-0

[Event "IX Festival A"]
[Site "Cesenatico ITA"]
[Date "2004.09.06"]
[Round "3"]
[White "Giorgi, Sandro"]
[Black "Bossoni, Mario"]
[Result "0-1"]
[WhiteElo "1599"]
[BlackElo "2009"]
[PlyCount "72"]
[EventDate "2004.09.04"]

1. c4 e5 2. Nc3 Nc6 3. g3 g6 4. Bg2 Bg7 5. d3 Nge7 6. e3 d6 7. Nge2 O-O 8. O-O
f5 9. f4 Be6 10. Nd5 Qd7 11. Nec3 Nd8 12. Bd2 c6 13. Nxe7+ Qxe7 14. Rb1 e4 15.
Qc2 d5 16. cxd5 cxd5 17. d4 Nc6 18. Na4 Rfd8 19. Rfc1 Rac8 20. Qb3 a6 21. Nc5
Nxd4 22. Qd1 Rxc5 23. exd4 Bxd4+ 24. Kh1 Rxc1 25. Qxc1 Bb6 26. Qc3 d4 27. Qb4
Qxb4 28. Bxb4 d3 29. b3 e3 30. Bf3 d2 31. Kg2 a5 32. Ba3 Bd5 33. Rd1 e2 34.
Rxd2 Bxf3+ 35. Kxf3 e1=Q 36. Rxd8+ Bxd8 0-1

[Event "IX Festival A"]
[Site "Cesenatico ITA"]
[Date "2004.09.06"]
[Round "3"]
[White "Guglielmi, Giuseppe"]
[Black "De Vita, Igor"]
[Result "0-1"]
[WhiteElo "1980"]
[BlackElo "2156"]
[PlyCount "78"]
[EventDate "2004.09.04"]

1. d4 e6 2. Nf3 b6 3. e4 Bb7 4. Bd3 c5 5. O-O cxd4 6. Nxd4 Nc6 7. Be3 Nf6 8.
Nc3 Rc8 9. Qe2 Bb4 10. Ncb5 a6 11. a3 Be7 12. Nc3 b5 13. f4 d5 14. e5 Nd7 15.
Rf3 g6 16. Rh3 Nxd4 17. Bxd4 Qc7 18. Rf1 Nb6 19. f5 gxf5 20. Bxf5 Bc5 21. Bxc5
Qxc5+ 22. Kh1 exf5 23. e6 d4 24. Qh5 Kd8 25. Rxf5 Qc6 26. Qh4+ Kc7 27. Qg3+ Qd6
28. Rxf7+ Kc6 29. Qf3+ Nd5 30. Ne2 Kb6 31. Nxd4 Rc7 32. Qf2 Rxf7 33. exf7 Qf4
34. Nf3+ Qe3 35. Qxe3+ Nxe3 36. Nd4 Bxg2+ 37. Kg1 Bxh3 38. Kf2 Nc4 39. Kg3 Bd7
0-1

[Event "IX Festival A"]
[Site "Cesenatico ITA"]
[Date "2004.09.06"]
[Round "3"]
[White "Hess, Christian Mathias"]
[Black "Galassi, Federico"]
[Result "1-0"]
[WhiteElo "2318"]
[BlackElo "1943"]
[PlyCount "95"]
[EventDate "2004.09.04"]

1. Nf3 Nf6 2. c4 g6 3. Nc3 Bg7 4. e4 d6 5. d4 O-O 6. Be2 e5 7. Be3 Ng4 8. Bg5
f6 9. Bh4 Nc6 10. h3 Nh6 11. g4 Nxd4 12. Nxd4 exd4 13. Qxd4 Nf7 14. Qd2 c6 15.
O-O Ng5 16. Kg2 Qe8 17. Bd3 Ne6 18. Rae1 Qf7 19. Bg3 Rd8 20. Bc2 b6 21. b4 Bb7
22. f3 Rd7 23. Rd1 Rad8 24. Rfe1 Qf8 25. Bb3 Bh6 26. Qf2 c5 27. Ba4 Rf7 28. Nd5
Bxd5 29. exd5 Nd4 30. Rxd4 cxd4 31. Qxd4 Bg7 32. Re6 f5 33. Qd3 fxg4 34. hxg4
Rf4 35. Bxf4 Qxf4 36. Qe3 Qxe3 37. Rxe3 Kf7 38. Kg3 g5 39. f4 gxf4+ 40. Kxf4
Be5+ 41. Rxe5 dxe5+ 42. Kxe5 Rg8 43. Bd7 Ke7 44. Bf5 h6 45. c5 bxc5 46. d6+ Kd8
47. bxc5 Re8+ 48. Be6 1-0

[Event "IX Festival A"]
[Site "Cesenatico ITA"]
[Date "2004.09.06"]
[Round "3"]
[White "Jonkman, Harmen"]
[Black "Molina, Fabrizio"]
[Result "1-0"]
[WhiteElo "2425"]
[BlackElo "2246"]
[PlyCount "79"]
[EventDate "2004.09.04"]

1. e4 e6 2. d4 d5 3. e5 c5 4. c3 Nc6 5. Nf3 Bd7 6. Be2 Nge7 7. Na3 Ng6 8. Nc2
Be7 9. O-O cxd4 10. cxd4 f6 11. Bd3 Qc7 12. Re1 O-O-O 13. Bd2 fxe5 14. Bxg6
hxg6 15. Nxe5 Nxe5 16. Bf4 Rh4 17. Bg3 Rh5 18. Rxe5 Rxe5 19. Bxe5 Bd6 20. Bxd6
Qxd6 21. Qd3 e5 22. Qc3+ Qc6 23. dxe5 Qxc3 24. bxc3 Re8 25. Re1 Bb5 26. Nd4 Bc4
27. a3 Kd7 28. Re3 Ba2 29. h4 Bb1 30. Kh2 Rc8 31. Kg3 Rc4 32. Kf4 Ra4 33. e6+
Ke7 34. Ke5 Rxa3 35. Rf3 Bf5 36. Nxf5+ gxf5 37. Rxf5 Rxc3 38. Rf7+ Ke8 39. Rxg7
Rc2 40. Rxb7 1-0